Central Library OPAC University of Rajshahi

Economic co-operation in Africa : (Record no. 45436)

MARC details
000 -LEADER
fixed length control field 01365cam a22003012 4500
001 - CONTROL NUMBER
control field 45436
003 - CONTROL NUMBER IDENTIFIER
rucl marc code BD-RJUL
005 - DATE AND TIME OF LATEST TRANSACTION
control field 20211209054019.0
008 - FIXED-LENGTH DATA ELEMENTS--GENERAL INFORMATION
fixed length control field 160726s1967 ke b 100 0 eng
035 ## - SYSTEM CONTROL NUMBER
System control number BD-RJUL 45554
040 ## - CATALOGING SOURCE
Original cataloging agency DLC
Transcribing agency DLC
Modifying agency UKM
-- EQO
Language of cataloging eng
041 ## - LANGUAGE CODE
Language code of text/sound track or separate title eng
082 ## - DEWEY DECIMAL CLASSIFICATION NUMBER
Classification number 338.916
Author mark and year GRE 1967
100 1# - MAIN ENTRY--PERSONAL NAME
Personal name Green, Reginald Herbold.
9 (RLIN) 139108
245 10 - TITLE STATEMENT
Title Economic co-operation in Africa :
Remainder of title retrospect and prospect /
Statement of responsibility, etc. [by] Reginald Herbold Green and K. G. V. Krishna.
260 ## - PUBLICATION, DISTRIBUTION, ETC. (IMPRINT)
Place of publication, distribution, etc. Nairobi :
Name of publisher, distributor, etc. Published for University College, Nairobi, by Oxford University Press,
Date of publication, distribution, etc. 1967.
300 ## - PHYSICAL DESCRIPTION
Pagination x, 159 p. ;
Size 22 cm.
500 ## - GENERAL NOTE
General note Based on the papers and discussions of the International Seminar on Economic Co-operation in Africa held at University College, Nairobi, December 1965, under the auspices of the University College and the Congress for Cultural Freedom.
General note "Appendix one: summaries of seminar papers": p. [123]-152.
504 ## - BIBLIOGRAPHY, ETC. NOTE
Bibliography, etc Bibliography: p. [120]-122.
651 #0 - SUBJECT ADDED ENTRY--GEOGRAPHIC NAME
Geographic name Africa
General subdivision Economic integration.
9 (RLIN) 139109
700 1# - ADDED ENTRY--PERSONAL NAME
Personal name Krishna, K. G. V.
710 2# - ADDED ENTRY--CORPORATE NAME
Corporate name or jurisdiction name as entry element University College Nairobi.
9 (RLIN) 139111
Corporate name or jurisdiction name as entry element Congress for Cultural Freedom.
9 (RLIN) 139112
711 2# - ADDED ENTRY--MEETING NAME
Meeting name or jurisdiction name as entry element International Seminar on Economic-Co-operation in Africa
Date of meeting (1965 :
Location of meeting University College, Nairobi)
9 (RLIN) 139113
942 ## - ADDED ENTRY ELEMENTS (KOHA)
Source of classification or shelving scheme Dewey Decimal Classification
Koha item type Books
Holdings
Lost status Source of classification or shelving scheme Damaged status Not for loan Collection code Permanent Location Current Location Shelving location Date acquired Source of acquisition Cost, normal purchase price Total Checkouts Full call number Date last seen Copy number Koha item type
  Dewey Decimal Classification     Non-fiction Central Library, University of Rajshahi Central Library, University of Rajshahi   16/07/1970 Swets zeitlinger 22.00   338.916 GRE 1967 26/07/2016 C-2 Books